[Event "zonal 3.2"]
[Site "Genting Highlands MAS"]
[Date "1995.??.??"]
[Round "3"]
[White "Nadera, Barlo"]
[Black "Aung Thant Zin"]
[Result "1-0"]
[WhiteElo "2405"]
[BlackElo "2215"]
[EventDate "1995.07.??"]
[PlyCount "123"]

1.d4 Nf6 2.c4 e6 3.Nc3 d5 4.Nf3 Be7 5.e3 O-O 6.Qc2 c6 7.Bd3 Nbd7 8.O-O b6 
9.b3 Bb7 10.Bb2 Rc8 11.Rfd1 Qc7 12.Rac1 Rfd8 13.Qe2 Qb8 14.e4 dxe4 15.Nxe4
c5 16.Ne5 Nxe5 17.dxe5 Nxe4 18.Bxe4 Qa8 19.Bxb7 Qxb7 20.f4 h6 21.Bc3 Qa8 
22.Rf1 Qc6 23.Rf3 Rd7 24.Rcf1 Bf8 25.g4 a6 26.a4 Rb7 27.f5 b5 28.axb5 axb5
29.h4 Rd8 30.g5 exf5 31.Rxf5 b4 32.Be1 Re7 33.h5 hxg5 34.Rxg5 Rd4 35.Qh2 
Qh6 36.Qg2 Rd1 37.Qg4 Rb1 38.Bf2 Rxf1+ 39.Kxf1 Re6 40.Qf5 Qh7 41.Qf3 Qb1+ 
42.Kg2 Qa1 43.Rf5 Rxe5 44.Rxf7 Be7 45.Bg3 Qb2+ 46.Kh3 Re6 47.Rf5 Qd4 48.
Rf4 Qe3 49.Qg4 Qe2 50.Rf3 Qe4 51.Qf5 Qxf5+ 52.Rxf5 Re3 53.Re5 Rxg3+ 54.
Kxg3 Bd6 55.Kf4 Kh7 56.Ke4 Bxe5 57.Kxe5 Kh6 58.Kd5 Kxh5 59.Kxc5 g5 60.Kd4 
Kh4 61.c5 g4 62.c6 1-0

[Event "zonal 3.2"]
[Site "Genting Highlands MAS"]
[Date "1995.??.??"]
[Round "3"]
[White "Mohd Kamal, Abdullah"]
[Black "Donguines, Fernie"]
[Result "0-1"]
[WhiteElo "2210"]
[BlackElo "2380"]
[EventDate "1995.07.??"]
[PlyCount "114"]

1.e4 c5 2.Nf3 e6 3.d4 cxd4 4.Nxd4 Nc6 5.Be3 Nf6 6.Bd3 d5 7.Nxc6 bxc6 8.e5 
Nd7 9.f4 Nc5 10.Be2 Rb8 11.b3 Qa5+ 12.Qd2 Nxb3 13.Qxa5 Nxa5 14.Bxa7 Rb2 
15.Bd4 Rb8 16.Nd2 c5 17.Be3 c4 18.O-O Ba3 19.Rab1 Ra8 20.c3 O-O 21.Bd1 Bd7
22.Bc2 Rab8 23.Rxb8 Rxb8 24.Rb1 Ra8 25.Rb6 g6 26.Nb1 Bf8 27.Kf1 h5 28.Ke2 
Nc6 29.Rb2 Nb8 30.Kd2 Na6 31.Rb7 Bc8 32.Rb5 Nb8 33.g3 Nd7 34.Kc1 Rxa2 35.
Bd4 Ba6 36.Rb2 Ra1 37.Kd2 Kg7 38.Ke2 Nc5 39.Ke3 Nd7 40.Kd2 Be7 41.Ke2 Kf8 
42.Kd2 Ke8 43.Ke2 Kd8 44.h3 Kc7 45.g4 hxg4 46.hxg4 Kc6 47.f5 gxf5 48.gxf5 
Bg5 49.Kf3 Bc1 50.Rb4 Bb5 51.f6 Ra2 52.Bh7 Ra8 53.Bc2 Nc5 54.Be3 Bxe3 55.
Kxe3 Nd7 56.Kd4 Ra2 57.Bd1 Rh2 0-1

[Event "zonal 3.2"]
[Site "Genting Highlands MAS"]
[Date "1995.??.??"]
[Round "3"]
[White "Mohd Saprin, Sabri"]
[Black "Nguyen Anh Dung"]
[Result "0-1"]
[WhiteElo "2205"]
[BlackElo "2340"]
[EventDate "1995.07.??"]
[PlyCount "50"]

1.e4 c6 2.d4 d5 3.f3 dxe4 4.fxe4 e5 5.Nf3 Bg4 6.Bc4 Nd7 7.c3 Bh5 8.O-O 
Ngf6 9.Kh1 Qc7 10.Nbd2 O-O-O 11.Qb3 Re8 12.Ng5 Ng4 13.Ndf3 f5 14.Ne6 Qa5 
15.h3 Ngf6 16.Nxe5 Nxe5 17.dxe5 Nxe4 18.Bf4 b5 19.Nxf8 bxc4 20.Qxc4 Qb5 
21.Qd4 Rexf8 22.g4 Bf7 23.Qxa7 Bd5 24.c4 Qxc4 25.e6 Nf2+ 0-1

[Event "zonal 3.2"]
[Site "Genting Highlands MAS"]
[Date "1995.??.??"]
[Round "3"]
[White "Tsang Hon Ki"]
[Black "Hafizulhelmi, Mas"]
[Result "0-1"]
[WhiteElo "2200"]
[BlackElo "2275"]
[EventDate "1995.07.??"]
[PlyCount "120"]

1.Nf3 Nf6 2.g3 g6 3.d4 Bg7 4.Bg2 d6 5.c4 O-O 6.Nc3 Nbd7 7.O-O e5 8.h3 c6 
9.e4 Qc7 10.b3 Re8 11.Bb2 a5 12.Re1 Bh6 13.Qc2 Nh5 14.Rad1 exd4 15.Nxd4 
Nc5 16.Ba3 Bd7 17.Nf3 b6 18.Na4 Rad8 19.Nxc5 dxc5 20.Bb2 Bg7 21.Bxg7 Nxg7 
22.Qd2 Bg4 23.Qh6 Bxf3 24.Bxf3 Ne6 25.Bg2 Nd4 26.f4 Rd7 27.f5 Qe5 28.fxg6 
hxg6 29.Kh2 Ne2 30.Qe3 Nd4 31.Qh6 Red8 32.Qf4 Re7 33.Qxe5 Rxe5 34.Rf1 Kg7 
35.Rf2 f6 36.Rdf1 Rd6 37.h4 Rh5 38.Bh3 Re5 39.Bg2 b5 40.Rf4 b4 41.R4f2 Re7
42.g4 g5 43.h5 Rde6 44.Kg3 Ra7 45.Rh1 a4 46.h6+ Kh7 47.bxa4 Rxa4 48.Rh5 
Ra3+ 49.Kh2 Re3 50.Bf1 Nf3+ 51.Kh1 Ne5 52.Rd2 Rxe4 53.Rd8 Rd4 54.Ra8 Rd7 
55.Ra5 Nxg4 56.Bd3+ Rxd3 57.Ra7+ Kg6 58.h7 Re1+ 59.Kg2 Rd2+ 60.Kg3 Re3+ 
0-1

[Event "zonal 3.2"]
[Site "Genting Highlands MAS"]
[Date "1995.??.??"]
[Round "4"]
[White "Ker, Anthony"]
[Black "Utut Adianto"]
[Result "0-1"]
[WhiteElo "2335"]
[BlackElo "2585"]
[EventDate "1995.07.??"]
[PlyCount "70"]

1.d4 d5 2.c4 dxc4 3.Nc3 Nf6 4.e4 e5 5.Nf3 exd4 6.Qxd4 Qxd4 7.Nxd4 Bc5 8.
Ndb5 Na6 9.Bf4 c6 10.Nd6+ Bxd6 11.Bxd6 Be6 12.e5 Nd7 13.f4 O-O-O 14.Be2 f6
15.O-O fxe5 16.fxe5 Rde8 17.Rf4 Nc7 18.Re1 b5 19.Bf3 Nd5 20.Bxd5 Bxd5 21.
Nxd5 cxd5 22.Rf7 Re6 23.Rxg7 d4 24.a4 Rhe8 25.Rf1 bxa4 26.Rf4 c3 27.bxc3 
Rxd6 28.exd6 a3 29.Rf1 d3 30.Rg4 d2 31.Rd4 Re2 32.Rc4+ Kd8 33.Rg4 Nf6 34.
Rd4 a2 35.Ra4 Re1 0-1

[Event "zonal 3.2"]
[Site "Genting Highlands MAS"]
[Date "1995.??.??"]
[Round "4"]
[White "Handoko, Edhi"]
[Black "Kagan, Naum"]
[Result "1/2-1/2"]
[WhiteElo "2500"]
[BlackElo "2395"]
[EventDate "1995.07.??"]
[PlyCount "199"]

1.e4 e5 2.Nf3 Nc6 3.d4 exd4 4.Nxd4 Nxd4 5.Qxd4 Ne7 6.Nc3 Nc6 7.Qe3 Bb4 8.
Bd2 O-O 9.Bc4 d6 10.O-O Be6 11.Nd5 Bxd2 12.Qxd2 Bxd5 13.exd5 Ne5 14.Be2 
Re8 15.Rae1 Nd7 16.Bb5 Rxe1 17.Rxe1 Nf6 18.c4 h6 19.h3 a6 20.Ba4 b5 21.
cxb5 axb5 22.Bxb5 Rxa2 23.Bc6 Qb8 24.Re2 Qb3 25.Kh2 Kh7 26.Qd4 Kg8 27.Qd2 
Kh8 28.Qc1 Kg8 29.Qd2 Kh8 30.Be8 Kg8 31.Re7 Qxb2 32.Bxf7+ Kf8 33.Qxb2 Rxb2
34.Rxc7 Rxf2 35.Be6 Ne4 36.h4 h5 37.Rc4 Nc5 38.Kg3 Rf1 39.Bc8 Ke7 40.Rc2 
Ne4+ 41.Kh2 Kf6 42.Rc7 Nc5 43.Bd7 Re1 44.Bc6 Re4 45.Kh3 Re3+ 46.Kh2 Re7 
47.Rc8 Ne4 48.Rh8 g6 49.Rf8+ Rf7 50.Re8 Re7 51.Rf8+ Kg7 52.Rd8 Re5 53.Kg1 
Rf5 54.Re8 Rf4 55.Re6 Rxh4 56.Bb5 g5 57.Re7+ Kf8 58.Re6 Rf4 59.g3 Nxg3 60.
Rxd6 Ne4 61.Re6 Nf6 62.d6 Kf7 63.Re7+ Kf8 64.Re6 Kf7 65.Re7+ Kf8 66.Re8+ 
Kf7 67.d7 Nxd7 68.Bxd7 h4 69.Re5 Kf6 70.Re6+ Kf7 71.Rh6 Kg7 72.Rd6 Kf7 73.
Kg2 Ke7 74.Rd1 Kf6 75.Re1 Kf7 76.Kh3 Rd4 77.Bf5 Kf6 78.Bb1 Rb4 79.Bd3 Rd4 
80.Re3 Rb4 81.Bc2 Rd4 82.Rf3+ Rf4 83.Rc3 Ke5 84.Rc5+ Kf6 85.Rc6+ Ke5 86.
Rg6 Rf3+ 87.Kg2 Rg3+ 88.Kf2 Kf4 89.Rf6+ Ke5 90.Rf8 Ke6 91.Bd1 Ke5 92.Bf3 
Ke6 93.Ra8 Ke5 94.Ra5+ Kf6 95.Be4 Ke6 96.Rf5 Kd6 97.Rf7 Ke5 98.Bg6 Ke6 99.
Rf5 Ke7 100.Bf7 1/2-1/2

[Event "zonal 3.2"]
[Site "Genting Highlands MAS"]
[Date "1995.??.??"]
[Round "4"]
[White "Garma, Chito"]
[Black "Antonio, Rogelio jr"]
[Result "1/2-1/2"]
[WhiteElo "2390"]
[BlackElo "2495"]
[EventDate "1995.07.??"]
[PlyCount "21"]

1.e4 c5 2.Nf3 Nc6 3.d4 cxd4 4.Nxd4 Nf6 5.Nc3 e6 6.Ndb5 d6 7.Bf4 e5 8.Bg5 
a6 9.Na3 b5 10.Nd5 Be7 11.Bxf6 1/2-1/2

[Event "zonal 3.2"]
[Site "Genting Highlands MAS"]
[Date "1995.??.??"]
[Round "4"]
[White "Donguines, Fernie"]
[Black "Hsu Li Yang"]
[Result "1/2-1/2"]
[WhiteElo "2380"]
[BlackElo "2460"]
[EventDate "1995.07.??"]
[PlyCount "56"]

1.e4 d5 2.exd5 Nf6 3.c4 e6 4.dxe6 Bxe6 5.Nf3 Nc6 6.Be2 Bc5 7.O-O Qd7 8.d3 
O-O-O 9.Nbd2 Ng4 10.Ne4 Be7 11.b3 Nge5 12.Nxe5 Nxe5 13.Bb2 Nc6 14.Qd2 Rhe8
15.Rfe1 Nd4 16.Bf1 h6 17.Bxd4 Qxd4 18.Qe3 Bb4 19.Qxd4 Rxd4 20.Red1 Bf5 21.
a3 Be7 22.Ng3 Bg6 23.Re1 Kd8 24.Red1 Kc8 25.Re1 Kd8 26.Ne4 Bf8 27.Red1 
Bxe4 28.dxe4 Rxe4 1/2-1/2

[Event "zonal 3.2"]
[Site "Genting Highlands MAS"]
[Date "1995.??.??"]
[Round "4"]
[White "Ginting, Nasib"]
[Black "Tu Hoang Thong"]
[Result "1-0"]
[WhiteElo "2390"]
[BlackElo "2430"]
[EventDate "1995.07.??"]
[PlyCount "93"]

1.d4 f5 2.g3 Nf6 3.Bg2 e6 4.c4 d5 5.Nh3 c6 6.Qc2 Bd6 7.O-O O-O 8.Bf4 Be7 
9.Nd2 Na6 10.a3 h6 11.Be5 g5 12.b4 Nd7 13.f4 Nxe5 14.dxe5 g4 15.Nf2 h5 16.
Rfd1 Qe8 17.Nd3 Bd7 18.Nb3 Rc8 19.c5 h4 20.Nd4 Qh5 21.Rdc1 Kf7 22.Qd2 Rh8 
23.Kf2 Rh6 24.a4 Nc7 25.b5 Bd8 26.Rab1 Ke8 27.bxc6 Bxc6 28.Nxc6 bxc6 29.
Rb7 Ra8 30.Nb4 Kd7 31.Na6 Rh7 32.Rcb1 hxg3+ 33.hxg3 Kc8 34.Rb8+ Rxb8 35.
Rxb8+ Kd7 36.Qa5 Qh2 37.Nxc7 Bxc7 38.Qxa7 Rh3 39.Rb3 Rh8 40.Rb7 Rc8 41.a5 
Qh8 42.Qb6 Qd8 43.a6 Ra8 44.a7 Qc8 45.Bf1 Kd8 46.Qxc6 Bxe5 47.Rd7+ 1-0

[Event "zonal 3.2"]
[Site "Genting Highlands MAS"]
[Date "1995.??.??"]
[Round "4"]
[White "Nguyen Anh Dung"]
[Black "Wohl, Aleksandar"]
[Result "1-0"]
[WhiteElo "2340"]
[BlackElo "2400"]
[EventDate "1995.07.??"]
[PlyCount "105"]

1.e4 Nf6 2.e5 Nd5 3.d4 d6 4.Nf3 dxe5 5.Nxe5 g6 6.Be2 Bg7 7.O-O O-O 8.Bf3 
c5 9.dxc5 Nb4 10.Nd3 Nxd3 11.cxd3 Na6 12.Nc3 Nxc5 13.Be3 Nxd3 14.Qe2 Ne5 
15.Be4 Ng4 16.Bf4 Nf6 17.Rfd1 Qb6 18.Be3 Qa5 19.Bf3 Be6 20.Bxb7 Rab8 21.
Bf3 Rb4 22.h3 Rfb8 23.b3 g5 24.Rac1 g4 25.hxg4 Bxg4 26.Bxg4 Rxg4 27.Nd5 
Rxg2+ 28.Kxg2 Nxd5 29.Rc4 e6 30.Rdc1 h6 31.Rg4 f5 32.Bd4 fxg4 33.Qxe6+ Kh7
34.Qf5+ Kg8 35.Qe6+ Kh7 36.Qe4+ Kg8 37.Rc5 Nf4+ 38.Qxf4 Qb4 39.Qd6 Qxd4 
40.Qxb8+ Kh7 41.Qc7 g3 42.Kxg3 Qd3+ 43.Kh2 Qd4 44.Kg3 Qd3+ 45.f3 Qe3 46.
Rc1 Qg5+ 47.Kf2 Qd2+ 48.Kf1 Qd3+ 49.Kg2 Qd2+ 50.Kh3 Qg5 51.Qc2+ Kh8 52.
Qc8+ Kh7 53.Rc5 1-0

[Event "zonal 3.2"]
[Site "Genting Highlands MAS"]
[Date "1995.??.??"]
[Round "4"]
[White "Toh, Terry"]
[Black "Nadera, Barlo"]
[Result "0-1"]
[WhiteElo "2315"]
[BlackElo "2405"]
[EventDate "1995.07.??"]
[PlyCount "122"]

1.c4 e6 2.d4 Nf6 3.Nc3 d5 4.cxd5 exd5 5.Bg5 Nbd7 6.Qc2 c6 7.e3 Be7 8.Bd3 
h6 9.Bh4 O-O 10.Nge2 Re8 11.O-O Nf8 12.f3 Be6 13.Rad1 Rc8 14.Kh1 N6d7 15.
Bg3 b5 16.Nf4 Nb6 17.Nxe6 Nxe6 18.Bh7+ Kh8 19.Bf5 Bd6 20.Bxd6 Qxd6 21.e4 
a6 22.e5 Qe7 23.f4 c5 24.dxc5 Qxc5 25.Qf2 b4 26.Ne2 Qxf2 27.Rxf2 g6 28.
Bxe6 fxe6 29.Nd4 Kg7 30.g4 Nd7 31.Kg2 Rc4 32.Re2 Kf8 33.h3 Ke7 34.f5 gxf5 
35.gxf5 Rg8+ 36.Kh2 Rg5 37.Rf2 Nxe5 38.Nxe6 Rg8 39.Rxd5 Rc2 40.f6+ Kf7 41.
Nd8+ Rxd8 42.Rxc2 Rxd5 43.Kg3 Kxf6 44.Kf4 Rd4+ 45.Ke3 Rh4 46.b3 Ke6 47.Rc8
Rxh3+ 48.Kd4 Rh4+ 49.Kc5 Nd7+ 50.Kc6 Rd4 51.Rh8 Ne5+ 52.Kb7 Rh4 53.Ra8 Nd3
54.Kc6 Rd4 55.Rh8 Rd6+ 56.Kc7 Kd5 57.Rf8 Rc6+ 58.Kb7 Ne5 59.Ka7 Rc7+ 60.
Ka8 Nd7 61.Rh8 Rc8+ 0-1

[Event "zonal 3.2"]
[Site "Genting Highlands MAS"]
[Date "1995.??.??"]
[Round "4"]
[White "Yang Xian"]
[Black "Nishimura, Hiroyuki"]
[Result "1/2-1/2"]
[WhiteElo "2420"]
[BlackElo "2285"]
[EventDate "1995.07.??"]
[PlyCount "74"]

1.e4 e6 2.d4 d5 3.Nd2 c5 4.Ngf3 a6 5.exd5 exd5 6.Be2 c4 7.Nf1 Bd6 8.Ng3 
Ne7 9.c3 Nbc6 10.b3 b5 11.O-O O-O 12.a4 Rb8 13.axb5 axb5 14.bxc4 bxc4 15.
Ba3 Rb3 16.Bxd6 Qxd6 17.Qc1 Ng6 18.Bd1 Rb6 19.Bc2 Bg4 20.Ng5 h6 21.h3 hxg5
22.Bxg6 Be6 23.Bc2 Qf4 24.Qxf4 gxf4 25.Nh5 g5 26.Nf6+ Kh8 27.Rfb1 Rxb1+ 
28.Rxb1 Ra8 29.Rb6 Ra2 30.Bb1 Ra1 31.Kh2 Kg7 32.Ne8+ Kf8 33.Nc7 Nd8 34.Rb5
Ke7 35.Bh7 Kd6 36.Ne8+ Ke7 37.Nc7 Kd6 1/2-1/2

[Event "zonal 3.2"]
[Site "Genting Highlands MAS"]
[Date "1995.??.??"]
[Round "4"]
[White "Hafizulhelmi, Mas"]
[Black "Sandler, Leonid"]
[Result "0-1"]
[WhiteElo "2275"]
[BlackElo "2375"]
[EventDate "1995.07.??"]
[PlyCount "86"]

1.e4 c5 2.Nf3 d6 3.d4 cxd4 4.Nxd4 Nf6 5.Nc3 a6 6.Bg5 e6 7.f4 Nc6 8.Qd2 h6 
9.Bh4 Nxe4 10.Nxe4 Qxh4+ 11.g3 Qd8 12.O-O-O d5 13.Nf2 Qb6 14.c3 Be7 15.Bd3
Bd7 16.Bc2 O-O-O 17.Kb1 Kb8 18.Rhe1 Ka8 19.Ng4 Nxd4 20.Qxd4 Bc5 21.Qd2 f6 
22.Ne3 Bc6 23.Bb3 Rhe8 24.f5 Bxe3 25.Rxe3 exf5 26.Rxe8 Rxe8 27.Bxd5 Bxd5 
28.Qxd5 Qf2 29.Rd2 Qe1+ 30.Kc2 Qe4+ 31.Qxe4 Rxe4 32.Rd7 Re2+ 33.Kb3 g5 34.
Rf7 Rxh2 35.Rxf6 Rg2 36.Rxh6 Rxg3 37.Kc4 Rg2 38.b4 Rxa2 39.Kc5 Ka7 40.c4 
g4 41.Rf6 Rf2 42.b5 axb5 43.cxb5 g3 0-1

[Event "zonal 3.2"]
[Site "Genting Highlands MAS"]
[Date "1995.??.??"]
[Round "4"]
[White "Aung Thant Zin"]
[Black "Mohd Saprin, Sabri"]
[Result "0-1"]
[WhiteElo "2215"]
[BlackElo "2205"]
[EventDate "1995.07.??"]
[PlyCount "59"]

1.e4 Nf6 2.Nc3 d5 3.e5 Ne4 4.Qf3 Nxc3 5.dxc3 g6 6.Bf4 Bg7 7.O-O-O c6 8.Kb1
Qa5 9.Ne2 e6 10.Nd4 Nd7 11.Qe3 Qc7 12.Nf3 h6 13.h4 b5 14.Bd3 a6 15.Rde1 c5
16.h5 g5 17.Bg3 Rb8 18.Bf5 Bf8 19.Bg4 a5 20.Rd1 Qa7 21.Nh2 c4 22.Bf3 Bc5 
23.Qe1 Nb6 24.Ng4 Ke7 25.Nf6 b4 26.cxb4 axb4 27.b3 Ra8 28.a4 Rd8 29.bxc4 
Nxa4 30.Qe2 0-1

[Event "zonal 3.2"]
[Site "Genting Highlands MAS"]
[Date "1995.??.??"]
[Round "4"]
[White "Norris, Damian"]
[Black "Mohd Kamal, Abdullah"]
[Result "0-1"]
[WhiteElo "2170"]
[BlackElo "2210"]
[EventDate "1995.07.??"]
[PlyCount "122"]

1.d4 Nf6 2.Nc3 g6 3.e4 d6 4.Bg5 Bg7 5.Qd2 O-O 6.f4 c6 7.Nf3 b5 8.Bd3 a6 9.
O-O Bg4 10.Kh1 Nbd7 11.e5 Ne8 12.Ne4 f6 13.exf6 exf6 14.Bh4 Qb6 15.c3 d5 
16.Ng3 Nd6 17.Qc2 Rae8 18.Nd2 Nb8 19.Bxg6 hxg6 20.Qxg6 Bd7 21.Nh5 Re7 22.
Nxf6+ Rxf6 23.Bxf6 Bf5 24.Qg5 Rd7 25.Rf3 Qc7 26.Be5 Qc8 27.Re1 Qf8 28.Nb3 
Ne4 29.Qh5 Bxe5 30.fxe5 Rh7 31.Qxf5 Qxf5 32.Rxf5 Ng3+ 33.Kg1 Nxf5 34.Nc5 
a5 35.a3 a4 36.g3 Nd7 37.Nd3 Re7 38.Nb4 Re6 39.Rf1 Ne3 40.Re1 Nc4 41.Re2 
Nf6 42.Kf2 Ne4+ 43.Kf3 Kf7 44.Kf4 Rh6 45.h4 Na5 46.Rh2 Ke6 47.h5 c5 48.Nd3
cxd4 49.cxd4 Nc6 50.g4 Nxd4 51.g5 Rh8 52.h6 Nxg5 53.Kxg5 Nf3+ 54.Kg6 Nxh2 
55.Kg7 Rc8 56.h7 Ng4 57.h8=Q Rxh8 58.Kxh8 Nxe5 59.Nf4+ Kd6 60.Kg7 d4 61.
Ne2 Kd5 0-1

[Event "zonal 3.2"]
[Site "Genting Highlands MAS"]
[Date "1995.??.??"]
[Round "5"]
[White "Nadera, Barlo"]
[Black "Yang Xian"]
[Result "1-0"]
[WhiteElo "2405"]
[BlackElo "2420"]
[EventDate "1995.07.??"]
[PlyCount "137"]

1.d4 Nf6 2.c4 g6 3.Nc3 d5 4.Nf3 Bg7 5.Qb3 dxc4 6.Qxc4 O-O 7.e4 Bg4 8.Be3 
Nfd7 9.Qb3 c5 10.d5 Na6 11.Nd2 Ne5 12.f4 Bh6 13.Nb5 c4 14.Nxc4 Nxc4 15.
Bxc4 Qa5+ 16.Bd2 Qb6 17.Qe3 Rfc8 18.b3 Nb4 19.Qxb6 Nc2+ 20.Kf2 axb6 21.
Rac1 Rxa2 22.Nc3 Rb2 23.Na4 Ra2 24.Nxb6 Na3 25.Ke3 Rd8 26.h3 e5 27.g3 
exf4+ 28.gxf4 Bh5 29.Kd3 Bf3 30.Rhe1 Rxd2+ 31.Kxd2 Bxf4+ 32.Kd3 Bxc1 33.
Rxc1 Rd6 34.Ra1 Nxc4 35.Ra8+ Kg7 36.Nxc4 Rf6 37.d6 b5 38.d7 bxc4+ 39.Kxc4 
Rd6 40.d8=Q Rxd8 41.Rxd8 Bxe4 42.Kd4 Bg2 43.h4 h5 44.Ke3 Kf6 45.Rd2 Bh1 
46.Kf4 Ke6 47.b4 Bc6 48.Rc2 Ba4 49.Ra2 Bb5 50.Ra5 Bd3 51.Ke3 Bf1 52.Rg5 
Kd6 53.Kd4 Kc6 54.Rc5+ Kb6 55.Rc8 Bh3 56.Rb8+ Kc6 57.b5+ Kc7 58.Rf8 Kb6 
59.Kc4 Be6+ 60.Kb4 Bd5 61.Rd8 Be6 62.Rd4 Kc7 63.Kc5 Kb7 64.Rb4 Kc7 65.Ra4 
Kb7 66.Ra3 Bg4 67.b6 f6 68.Ra7+ Kb8 69.Rg7 1-0

[Event "zonal 3.2"]
[Site "Genting Highlands MAS"]
[Date "1995.??.??"]
[Round "5"]
[White "Hsu Li Yang"]
[Black "Ker, Anthony"]
[Result "1/2-1/2"]
[WhiteElo "2460"]
[BlackElo "2335"]
[EventDate "1995.07.??"]
[PlyCount "53"]

1.c4 e5 2.g3 f5 3.Nc3 Be7 4.d4 d6 5.dxe5 dxe5 6.Qxd8+ Bxd8 7.Bg2 c6 8.e4 
Nf6 9.Nf3 Nxe4 10.Nxe4 fxe4 11.Ng5 Bxg5 12.Bxg5 Bf5 13.O-O Nd7 14.Rfe1 Nf6
15.f4 exf4 16.Bxf6 gxf6 17.Bxe4 Bxe4 18.Rxe4+ Kf7 19.Rxf4 Rhe8 20.Raf1 Re6
21.R1f2 Rd8 22.Kg2 Rd1 23.Kh3 Rde1 24.Rh4 Kg6 25.Rg4+ Kf7 26.Rh4 Kg6 27.
Rg4+ 1/2-1/2

[Event "zonal 3.2"]
[Site "Genting Highlands MAS"]
[Date "1995.??.??"]
[Round "5"]
[White "Sandler, Leonid"]
[Black "Ginting, Nasib"]
[Result "1/2-1/2"]
[WhiteElo "2375"]
[BlackElo "2390"]
[EventDate "1995.07.??"]
[PlyCount "88"]

1.d4 Nf6 2.c4 g6 3.Nc3 Bg7 4.e4 d6 5.Bd3 O-O 6.Nge2 e5 7.d5 c6 8.f3 a6 9.
Be3 cxd5 10.cxd5 b5 11.O-O Nbd7 12.b4 Nh5 13.Qd2 Nb6 14.a4 Nc4 15.Bxc4 
bxc4 16.Qa2 Nf4 17.Qxc4 Qg5 18.Nxf4 exf4 19.Bd4 Bh3 20.Rf2 Rfc8 21.Qd3 Bd7
22.Rb1 Be5 23.Bxe5 Qxe5 24.Rc2 Rc7 25.Rbc1 Rb8 26.b5 axb5 27.Nxb5 Bxb5 28.
axb5 Rxc2 29.Rxc2 Qa1+ 30.Kf2 Qa7+ 31.Ke1 Qg1+ 32.Qf1 Qd4 33.Qc4 Qg1+ 34.
Qf1 Qb6 35.Rc6 Qa5+ 36.Kf2 Rxb5 37.Kg1 Rb2 38.h3 Qb4 39.Kh2 Rb1 40.Qc4 
Qxc4 41.Rxc4 Kf8 42.Rc8+ Ke7 43.Rc7+ Ke8 44.h4 h5 1/2-1/2

[Event "zonal 3.2"]
[Site "Genting Highlands MAS"]
[Date "1995.??.??"]
[Round "5"]
[White "Mohd Kamal, Abdullah"]
[Black "Handoko, Edhi"]
[Result "1/2-1/2"]
[WhiteElo "2210"]
[BlackElo "2500"]
[EventDate "1995.07.??"]
[PlyCount "191"]

1.e4 e5 2.Nf3 Nf6 3.d4 Nxe4 4.Bd3 Nc6 5.Bxe4 d5 6.Bg5 Qd7 7.Nxe5 Nxe5 8.
dxe5 dxe4 9.Nc3 Bb4 10.Qxd7+ Bxd7 11.O-O-O Bxc3 12.bxc3 h6 13.Be3 O-O-O 
14.Rd4 Bc6 15.Rxd8+ Rxd8 16.h4 Re8 17.Bf4 Bd5 18.a3 Kd7 19.Re1 Ke6 20.c4 
Bc6 21.g4 Rh8 22.Rg1 g6 23.Rd1 h5 24.gxh5 Rxh5 25.Bg3 a6 26.Re1 Rh8 27.Kd2
Kf5 28.Ke3 Ke6 29.Rd1 Rh5 30.Kd2 Rf5 31.Re1 b6 32.Re3 a5 33.Kc3 Bb7 34.Re1
Rh5 35.Rd1 Rh8 36.Kd2 Bc6 37.Ke3 Rh5 38.Re1 Rf5 39.Kd2 Bb7 40.Re3 Kd7 41.
Kc3 Bc6 42.Kd4 Bb7 43.Re1 a4 44.Re3 c5+ 45.Kc3 Bc6 46.Re1 Kc8 47.Re3 Kd7 
48.Re2 Ke6 49.Kd2 Bb7 50.Re1 Kd7 51.Kc3 Bc6 52.Re2 Kc8 53.Re1 Rh5 54.Rd1 
Rf5 55.Re1 Kb7 56.Re2 Rh5 57.Rd2 g5 58.hxg5 Rxg5 59.Re2 Rg4 60.Re1 Bd7 61.
Bh2 Be6 62.Rg1 Rh4 63.Bg3 Rh8 64.Re1 Bf5 65.Re2 Rg8 66.Re1 Kc6 67.Bf4 Rg4 
68.Be3 Rg2 69.Rd1 Be6 70.Rd6+ Kb7 71.Rd1 Rh2 72.Rg1 Rh5 73.Rg5 Rh1 74.Rg7 
Rb1 75.Rg8 Kc6 76.Ra8 Ra1 77.Kb2 Re1 78.Kc3 Re2 79.Rd8 Bxc4 80.Rd2 Rxd2 
81.Bxd2 Be6 82.Bg5 Kd5 83.Bd8 b5 84.Bc7 Bg4 85.Bb6 Be6 86.Bc7 Kc6 87.Bd8 
b4+ 88.axb4 c4 89.Kb2 Kd5 90.b5 Kxe5 91.Ka3 Kd4 92.Kb4 Bd7 93.Bf6+ Kd5 94.
Kxa4 Kc5 95.Be7+ Kb6 96.Bd8+ 1/2-1/2

[Event "zonal 3.2"]
[Site "Genting Highlands MAS"]
[Date "1995.??.??"]
[Round "5"]
[White "Kagan, Naum"]
[Black "Toh, Terry"]
[Result "1/2-1/2"]
[WhiteElo "2395"]
[BlackElo "2315"]
[EventDate "1995.07.??"]
[PlyCount "108"]

1.Nf3 Nf6 2.d4 d5 3.e3 Bg4 4.c4 e6 5.Nc3 Nbd7 6.h3 Bh5 7.Be2 c6 8.cxd5 
exd5 9.b3 Bb4 10.Bd2 Qe7 11.O-O O-O 12.Na4 Bd6 13.Nh4 Bxe2 14.Qxe2 g6 15.
Nf3 Ne4 16.Rab1 f5 17.b4 Nb6 18.Nc5 Nc4 19.Rb3 Rac8 20.Bc1 Bb8 21.Nd3 a6 
22.Re1 Qg7 23.a4 g5 24.Nfe5 Nxe5 25.dxe5 g4 26.Bb2 gxh3 27.g3 Qg4 28.b5 
axb5 29.axb5 Ng5 30.Rb4 Qxe2 31.Rxe2 Nf3+ 32.Kh1 Nxe5 33.Bxe5 Bxe5 34.bxc6
bxc6 35.Rc2 c5 36.Rb5 Bd6 37.Rb6 Be7 38.Kh2 Rb8 39.Re6 Rb7 40.Kxh3 d4 41.
Nxc5 Bxc5 42.Rxc5 dxe3 43.Rxe3 f4 44.Rg5+ Rg7 45.Rxg7+ Kxg7 46.Re7+ Kf6 
47.Rxh7 fxg3 48.fxg3 Kg6 49.Ra7 Rb8 50.Kh4 Rb4+ 51.g4 Rb5 52.Ra6+ Kg7 53.
g5 Rb1 54.Ra7+ Kg6 1/2-1/2

[Event "zonal 3.2"]
[Site "Genting Highlands MAS"]
[Date "1995.??.??"]
[Round "5"]
[White "Nishimura, Hiroyuki"]
[Black "Donguines, Fernie"]
[Result "0-1"]
[WhiteElo "2285"]
[BlackElo "2380"]
[EventDate "1995.07.??"]
[PlyCount "106"]

1.e4 g6 2.d4 Bg7 3.Nf3 d6 4.Be2 Nc6 5.O-O Nf6 6.Nc3 O-O 7.d5 Nb8 8.h3 c6 
9.Be3 cxd5 10.exd5 a6 11.a4 e5 12.dxe6 fxe6 13.Qd2 Nc6 14.Bh6 d5 15.Rad1 
Bd7 16.Rfe1 Qb6 17.Bxg7 Kxg7 18.Bd3 Nh5 19.Ne5 Nxe5 20.Rxe5 Rf7 21.Rde1 
Raf8 22.Nd1 Qd4 23.b3 Nf4 24.Qe3 Qb4 25.Bf1 b5 26.axb5 axb5 27.Nb2 d4 28.
Qe4 Nd5 29.Nd3 Qc3 30.h4 Nf6 31.Qe2 Rc8 32.b4 Qxc2 33.Nc5 Qxe2 34.R1xe2 
Nd5 35.Rb2 Kf6 36.Re1 Rb8 37.g3 e5 38.Rbe2 Nxb4 39.Rxe5 Bf5 40.f4 Nc2 41.
Rc1 Ne3 42.Na6 Rb6 43.Bxb5 Ng4 44.Rec5 Rfb7 45.Rc6+ Ke7 46.Rxb6 Rxb6 47.
Nc7 Kd8 48.Ba4 Rb2 49.Bd1 Ne3 50.Bf3 d3 51.Rc3 Nc2 52.Nd5 Nd4 53.Bd1 Rb1 
0-1

[Event "zonal 3.2"]
[Site "Genting Highlands MAS"]
[Date "1995.??.??"]
[Round "5"]
[White "Tu Hoang Thong"]
[Black "Norris, Damian"]
[Result "1-0"]
[WhiteElo "2430"]
[BlackElo "2170"]
[EventDate "1995.07.??"]
[PlyCount "93"]

1.d4 Nf6 2.c4 e6 3.g3 Bb4+ 4.Nd2 d5 5.Bg2 O-O 6.Nf3 c5 7.cxd5 Qxd5 8.a3 
Bxd2+ 9.Qxd2 cxd4 10.Qxd4 Nc6 11.Qxd5 Nxd5 12.b4 a6 13.Bb2 b5 14.Rc1 Bb7 
15.O-O Rac8 16.Nd2 Nb6 17.Ne4 Nd8 18.Nd6 Bxg2 19.Kxg2 Rb8 20.Rc7 f6 21.Ra7
Ra8 22.Rxa8 Nxa8 23.Rc1 e5 24.f4 exf4 25.gxf4 Nb6 26.Bd4 Nd5 27.f5 Nf7 28.
Nxf7 Rxf7 29.Rc6 Nc7 30.Bb6 Nd5 31.Bc5 Rc7 32.Rxa6 Ne7 33.e4 Rb7 34.Kf3 
Kf7 35.Re6 g6 36.Bd4 Ng8 37.Ke3 gxf5 38.exf5 Re7 39.Rxe7+ Kxe7 40.Ke4 Kd6 
41.Bc5+ Kc6 42.Bf8 h5 43.h3 Kd7 44.Kd5 Ke8 45.Bc5 Nh6 46.Ke6 Ng8 47.Bd4 
1-0

[Event "zonal 3.2"]
[Site "Genting Highlands MAS"]
[Date "1995.??.??"]
[Round "5"]
[White "Mohd Saprin, Sabri"]
[Black "Sadikin, Irwanto"]
[Result "0-1"]
[WhiteElo "2205"]
[BlackElo "2375"]
[EventDate "1995.07.??"]
[PlyCount "48"]

1.Nf3 Nf6 2.c4 e6 3.g3 d5 4.Bg2 Be7 5.O-O O-O 6.d4 Nbd7 7.Nbd2 b6 8.b3 Bb7
9.Bb2 c5 10.e3 Qc7 11.Rc1 Rad8 12.Rc2 Qb8 13.Qa1 Rfe8 14.cxd5 Bxd5 15.Nc4 
Qa8 16.Qd1 cxd4 17.Bxd4 Be4 18.Rc1 e5 19.Ba1 Nc5 20.Ncd2 Rxd2 21.Qxd2 Bxf3
22.Bxf3 Qxf3 23.Bxe5 Nce4 24.Qd1 Ng4 0-1

[Event "zonal 3.2"]
[Site "Genting Highlands MAS"]
[Date "1995.??.??"]
[Round "6"]
[White "Antonio, Rogelio jr"]
[Black "Utut Adianto"]
[Result "1/2-1/2"]
[WhiteElo "2495"]
[BlackElo "2585"]
[EventDate "1995.07.??"]
[PlyCount "48"]

1.e4 c6 2.d4 d5 3.Nc3 dxe4 4.Nxe4 Bf5 5.Ng3 Bg6 6.h4 h6 7.Nf3 Nd7 8.h5 Bh7
9.Bd3 Bxd3 10.Qxd3 Ngf6 11.Bf4 Qa5+ 12.Bd2 Qc7 13.O-O-O e6 14.Qe2 O-O-O 
15.Ne5 Nb6 16.c4 Rxd4 17.Be3 Rxd1+ 18.Rxd1 Rg8 19.f4 Kb8 20.Qc2 Nc8 21.Ne4
Bd6 22.Nxd6 Nxd6 23.Qd3 Nf5 24.Bf2 c5 1/2-1/2

[Event "zonal 3.2"]
[Site "Genting Highlands MAS"]
[Date "1995.??.??"]
[Round "6"]
[White "Ginting, Nasib"]
[Black "Handoko, Edhi"]
[Result "1/2-1/2"]
[WhiteElo "2390"]
[BlackElo "2500"]
[EventDate "1995.07.??"]
[PlyCount "35"]

1.Nf3 Nf6 2.c4 e6 3.b3 b6 4.g3 Bb7 5.Bg2 Be7 6.Bb2 O-O 7.O-O d6 8.d4 Nbd7 
9.Nbd2 Ne4 10.Nxe4 Bxe4 11.Ne1 Bxg2 12.Nxg2 Bf6 13.Qd2 e5 14.e4 exd4 15.
Bxd4 Bxd4 16.Qxd4 Qf6 17.Rad1 Qxd4 18.Rxd4 1/2-1/2

[Event "zonal 3.2"]
[Site "Genting Highlands MAS"]
[Date "1995.??.??"]
[Round "6"]
[White "Sadikin, Irwanto"]
[Black "Hsu Li Yang"]
[Result "1-0"]
[WhiteElo "2375"]
[BlackElo "2460"]
[EventDate "1995.07.??"]
[PlyCount "79"]

1.d4 Nf6 2.Nf3 e6 3.c4 b6 4.g3 Ba6 5.b3 Bb4+ 6.Bd2 Be7 7.Bg2 c6 8.O-O d5 
9.Bc3 O-O 10.Nbd2 Nbd7 11.Re1 c5 12.e4 dxe4 13.Nxe4 Nxe4 14.Rxe4 Bb7 15.
Re2 Bf6 16.Rd2 Qe7 17.Qc2 cxd4 18.Nxd4 Bxg2 19.Kxg2 Nc5 20.b4 Qb7+ 21.f3 
Nd7 22.Nb5 Bxc3 23.Qxc3 a5 24.a3 axb4 25.axb4 f6 26.Rxa8 Rxa8 27.Qd4 Nf8 
28.Qd6 Rc8 29.Qd3 Qa8 30.Nd6 Rd8 31.c5 bxc5 32.bxc5 Qc6 33.Qc4 h5 34.h4 
Rd7 35.Qb4 Ng6 36.Qb8+ Kh7 37.Qb6 Rc7 38.Ne4 Ne5 39.Qb1 Kg8 40.Rd8+ 1-0